000 00782nam a22002177a 4500
008 090203t xxu||||| |||| 00| 0 eng d
010 _aENG-92778
020 _c55.00
035 _aEN-76311
037 _bDBAD / PUB
040 _adpl
_bEnglish
082 _a338.5
100 _aKamalakannan, R.
245 _aMicro economics /
_cby R. Kamalakannan
260 _aChennai
_bCharu Publications
_c2008
270 _aNew #2, Old #22, Gothavari Street, Chinmayanagar,
_bChennai
_e600111
300 _a102p.
_c24cm (pbk)
650 _aMicroeconomics.
942 _2ddc
_cEN
_mKAM
_h338.5
999 _c22893
_d22893